[Event "M.Botvinnik Memorial 2012"]
[Site "St. Petersburg, Russia"]
[Date "2012.08.27"]
[Round "3.14"]
[White "Smirnov, Artem"]
[Black "Onischuk, Vladimir"]
[Result "0-1"]
[WhiteElo "2425"]
[BlackElo "2547"]
[PlyCount "154"]
[EventDate "2012.08.25"]

1. c4 Nf6 2. Nc3 g6 3. g3 Bg7 4. Bg2 O-O 5. d3 Nc6 6. Rb1 a5 7. a3 e6 8. Bg5 h6
9. Bxf6 Bxf6 10. e3 h5 11. h4 Ne5 12. Nf3 Ng4 13. d4 d6 14. O-O e5 15. Nd5 Bg7
16. dxe5 dxe5 17. Qb3 Ra6 18. Ng5 c6 19. Nc3 Qe7 20. Rbd1 Ra8 21. Na4 Bf5 22.
e4 Bc8 23. c5 Bh6 24. Rd6 Bxg5 25. Rxg6+ Kh7 26. Rxg5 f6 27. Rxh5+ Kg6 28. Rf5
Bxf5 29. exf5+ Kg7 30. Qf3 Nh6 31. Nb6 Rad8 32. Nc4 Qxc5 33. Qh5 Nxf5 34. Qxf5
Qxc4 35. h5 Qf7 36. Be4 Kh8 37. Kg2 Rg8 38. Rh1 Rg5 39. Qf3 f5 40. Bc2 Qd5 41.
h6 Qxf3+ 42. Kxf3 Rd2 43. Rc1 Rh5 44. Ke3 Rd6 45. Bb1 Rdxh6 46. Rd1 Rg6 47.
Rd8+ Rg8 48. Rd7 Rh7 49. Rd6 Rf8 50. Re6 Rh1 51. Bd3 f4+ 52. gxf4 exf4+ 53. Kf3
Rh3+ 54. Ke4 Rd8 55. Bc4 Rh7 56. b4 Rhd7 57. Kf5 Rd4 58. Ba2 axb4 59. axb4 Rd2
60. Bb1 Rxf2 61. Kf6 f3 62. Kf7 Rh2 63. Rf6 f2 64. Be4 Rd7+ 65. Kf8 Rg7 66. Bd3
b5 67. Rf3 Rg1 68. Ke7 Re1+ 69. Kf7 Rd1 70. Be2 Rd4 71. Kf6 Rg2 72. Kf7 Rgg4
73. Rh3+ Rh4 74. Rg3 Rdf4+ 75. Kg6 Rf8 76. Ra3 Rh1 77. Bd3 Rg8+ 0-1

[Event "M.Botvinnik Memorial 2012"]
[Site "St. Petersburg, Russia"]
[Date "2012.08.27"]
[Round "3.15"]
[White "Pridorozhni, Aleksei"]
[Black "Lovkov, Roman"]
[Result "0-1"]
[WhiteElo "2533"]
[BlackElo "2424"]
[PlyCount "74"]
[EventDate "2012.08.25"]

1. e4 c5 2. Nf3 d6 3. d4 cxd4 4. Nxd4 Nf6 5. Nc3 a6 6. h3 e5 7. Nde2 Be6 8. g4
d5 9. exd5 Nxd5 10. Bg2 Bb4 11. O-O Bxc3 12. Nxc3 Nxc3 13. bxc3 Nc6 14. Rb1 Qe7
15. f4 O-O 16. f5 Bxa2 17. Ra1 Qc5+ 18. Rf2 Rfd8 19. Qe1 Bd5 20. f6 Bxg2 21.
Kxg2 Qd5+ 22. Kh2 e4 23. fxg7 Ne5 24. Kg3 Nf3 25. Qe3 Rac8 26. Bb2 Rc4 27. Re2
Re8 28. Rf1 Re6 29. Qf4 Qd8 30. Kg2 Rf6 31. Qg3 h5 32. gxh5 Rf5 33. Bc1 Rxc3
34. Rxe4 Rxc2+ 35. Kh1 Nd2 36. Rxf5 Nxe4 37. Qe1 Rxc1 0-1

[Event "M.Botvinnik Memorial 2012"]
[Site "St. Petersburg, Russia"]
[Date "2012.08.27"]
[Round "3.16"]
[White "Pakhomov, Egor"]
[Black "Ovetchkin, Roman"]
[Result "0-1"]
[WhiteElo "2417"]
[BlackElo "2526"]
[PlyCount "118"]
[EventDate "2012.08.25"]

1. Nf3 d5 2. c4 d4 3. e3 Nc6 4. b4 dxe3 5. fxe3 Nxb4 6. Qa4+ Nc6 7. d4 Bd7 8.
Qb3 e5 9. d5 Nb4 10. Nc3 f6 11. Be2 Na6 12. Qxb7 Nc5 13. Qb1 Rb8 14. Qc2 Nh6
15. O-O a6 16. Nxe5 Bd6 17. Bh5+ Ke7 18. Nxd7 Qxd7 19. Ba3 g6 20. Bxc5 Bxc5 21.
Ne4 Bxe3+ 22. Kh1 Bd4 23. Rae1 Kd8 24. Nxf6 Qg7 25. d6 Bxf6 26. dxc7+ Kxc7 27.
Re6 Rhe8 28. Rxa6 Bd4 29. Qa4 Qd7 30. Qa5+ Kc8 31. Bf3 Re5 32. Qd2 Nf5 33. Qf4
Rc5 34. Re1 Be5 35. Qe4 Qb7 36. Qxb7+ Rxb7 37. Bxb7+ Kxb7 38. Ra4 Bd4 39. Re4
h5 40. Rb4+ Kc7 41. g3 Rc6 42. Kg2 Bc5 43. Rb3 Ra6 44. Rb2 Ra3 45. Ree2 Rc3 46.
a4 Ne3+ 47. Kh3 g5 48. a5 Be7 49. Rxe3 Rxe3 50. a6 Ra3 51. Rb7+ Kd6 52. a7 Ra2
53. g4 h4 54. c5+ Ke6 55. Rc7 Bf6 56. Rc6+ Ke5 57. Rc7 Kd5 58. Rf7 Ke6 59. Rf8
Be5 0-1

[Event "M.Botvinnik Memorial 2012"]
[Site "St. Petersburg, Russia"]
[Date "2012.08.27"]
[Round "3.17"]
[White "Pasiev, Rakhim"]
[Black "Baryshpolets, Andrey"]
[Result "0-1"]
[WhiteElo "2325"]
[BlackElo "2513"]
[PlyCount "172"]
[EventDate "2012.08.25"]

1. e4 c5 2. Nf3 d6 3. d4 cxd4 4. Nxd4 Nf6 5. Nc3 Nc6 6. Be2 e5 7. Nf3 h6 8. O-O
Be7 9. Re1 O-O 10. h3 a6 11. Bf1 Qc7 12. Nd5 Nxd5 13. exd5 Nb8 14. c4 Bf5 15.
Be3 Nd7 16. b4 Bg6 17. Rc1 Rac8 18. Qb3 Rfe8 19. Red1 Qb8 20. Qa3 f5 21. c5 f4
22. c6 Nf6 23. cxb7 Qxb7 24. Bxa6 Ra8 25. Bxb7 Rxa3 26. Bd2 Rb8 27. Bc6 Rxa2
28. b5 Bc2 29. Ra1 Rb2 30. Rdc1 Be4 31. Bc3 R2xb5 32. Bxb5 Rxb5 33. Ra8+ Kf7
34. Nd2 Bxd5 35. Ra5 Rb8 36. Ra7 Ke6 37. Ra6 Kf7 38. Ra7 Ke6 39. Ra6 Rb7 40.
Rb1 Rc7 41. Bb4 Rc2 42. Raa1 Rc7 43. Ra6 g5 44. Re1 h5 45. Raa1 Ne8 46. Rac1
Rb7 47. Bc3 Ng7 48. Ne4 Rb5 49. Ba1 Bxe4 50. Rxe4 Nf5 51. Ree1 g4 52. hxg4 hxg4
53. Rb1 Ra5 54. Bc3 Ra3 55. Rec1 Ra8 56. Ra1 Rc8 57. Bb2 Rb8 58. Rab1 g3 59.
Bc3 gxf2+ 60. Kxf2 Rg8 61. Rb2 Ne3 62. Rg1 d5 63. Bb4 Bh4+ 64. Ke2 e4 65. Be1
Bf6 66. Rb6+ Kf5 67. Rb5 Ra8 68. Bd2 Ra2 69. Rc1 Kg4 70. Rc8 Bg5 71. Rg8 Nc4
72. Rxd5 Rxd2+ 73. Rxd2 f3+ 74. gxf3+ exf3+ 75. Ke1 Nxd2 76. Rg7 Ne4 77. Rg8
Kf4 78. Rf8+ Bf6 79. Kf1 Kg3 80. Rg8+ Bg5 81. Rf8 Nf6 82. Rf7 Ne4 83. Rf8 Nd2+
84. Ke1 Kg2 85. Rf5 Ne4 86. Rf8 Bf6 0-1

[Event "M.Botvinnik Memorial 2012"]
[Site "St. Petersburg, Russia"]
[Date "2012.08.27"]
[Round "3.18"]
[White "Inarkiev, Ernesto"]
[Black "Saveliev, Alexei"]
[Result "1-0"]
[WhiteElo "2683"]
[BlackElo "2081"]
[PlyCount "81"]
[EventDate "2012.08.25"]

1. e4 e6 2. d4 d5 3. Nc3 dxe4 4. Nxe4 Nd7 5. Nf3 Ngf6 6. Bg5 h6 7. Bh4 Be7 8.
Nxf6+ Nxf6 9. Bd3 O-O 10. Qd2 b6 11. O-O-O Bb7 12. Rhe1 c5 13. dxc5 bxc5 14.
Ne5 Qd4 15. f4 Rfd8 16. c4 Rab8 17. g4 Kf8 18. Bf2 Qd6 19. Qe2 Qb6 20. g5 hxg5
21. fxg5 Ng4 22. b3 Nxf2 23. Qh5 Nxd3+ 24. Rxd3 Bxg5+ 25. Kc2 Qc7 26. Qh8+ Ke7
27. Qxg7 Rxd3 28. Qxg5+ Kf8 29. Qh6+ Ke8 30. Qh8+ Ke7 31. Qh4+ Ke8 32. Nxd3 Rd8
33. Qh8+ Kd7 34. Qh5 Kc8 35. Qxc5 Bc6 36. Kc3 Rh8 37. Re2 Rh3 38. b4 Qd7 39.
Re3 Rxe3 40. Qxe3 Bb7 41. Qxa7 1-0

[Event "M.Botvinnik Memorial 2012"]
[Site "St. Petersburg, Russia"]
[Date "2012.08.27"]
[Round "3.19"]
[White "Kopylov, Alexander A"]
[Black "Khismatullin, Denis"]
[Result "1/2-1/2"]
[WhiteElo "2449"]
[BlackElo "2636"]
[PlyCount "140"]
[EventDate "2012.08.25"]

1. d4 d6 2. c4 e5 3. dxe5 dxe5 4. Qxd8+ Kxd8 5. Nf3 f6 6. Nc3 Be6 7. b3 Nd7 8.
Bb2 c6 9. e3 Nh6 10. Be2 Nf7 11. Rg1 a5 12. O-O-O Kc7 13. Na4 Nd6 14. Nd2 h5
15. h3 h4 16. Bg4 f5 17. Be2 Be7 18. c5 Nf7 19. Nc4 Nxc5 20. Nxc5 Bxc5 21. Nxe5
Rh7 22. Bc4 Bxc4 23. bxc4 Nxe5 24. Bxe5+ Kb6 25. Rd7 Re8 26. Bc7+ Ka6 27. Kc2
Re4 28. Kd3 Re7 29. Rxe7 Bxe7 30. Rd1 Rh6 31. Kc2 Rg6 32. Rd7 Bc5 33. Rf7 Rxg2
34. Rxf5 b6 35. Kd3 Rg1 36. Be5 a4 37. Rh5 g5 38. Bf6 Rd1+ 39. Ke2 Rc1 40. Kd2
Rxc4 41. Bxg5 Bb4+ 42. Kd1 Rc3 43. Rxh4 Kb5 44. e4 Rd3+ 45. Kc2 Rc3+ 46. Kd1
Rd3+ 47. Kc2 Ra3 48. Kb1 Rf3 49. Rf4 Rxh3 50. e5 Rh5 51. Rf5 Be7 52. e6+ c5 53.
f4 Kc6 54. Re5 Rh1+ 55. Kc2 Kd6 56. Bxe7+ Kxe7 57. Kd3 Rf1 58. f5 Rf4 59. Kc3
b5 60. Rxc5 b4+ 61. Kd3 Kf6 62. Ke3 Rf1 63. Ke2 Rf4 64. Rb5 b3 65. axb3 axb3
66. Kd2 Rc4 67. Rb8 b2 68. Kd3 Rc8 69. Rxb2 Kxf5 70. Re2 Re8 1/2-1/2

[Event "M.Botvinnik Memorial 2012"]
[Site "St. Petersburg, Russia"]
[Date "2012.08.27"]
[Round "3.20"]
[White "Khairullin, Ildar"]
[Black "Tseitlin, Mark D"]
[Result "1-0"]
[WhiteElo "2633"]
[BlackElo "2396"]
[PlyCount "59"]
[EventDate "2012.08.25"]

1. d4 Nf6 2. c4 g6 3. Nc3 d5 4. Nf3 Bg7 5. Qb3 dxc4 6. Qxc4 O-O 7. e4 Na6 8.
Be2 c5 9. d5 e6 10. O-O exd5 11. exd5 Re8 12. Rd1 Bf5 13. d6 Qd7 14. Qh4 Nb4
15. Bg5 Ne4 16. Be7 Nxc3 17. bxc3 Nc6 18. Bb5 h6 19. Re1 g5 20. Qc4 Rac8 21. h4
gxh4 22. Qxh4 Bg6 23. Ne5 Bxe5 24. Rxe5 Kh7 25. Rae1 a6 26. Bg5 h5 27. Bxc6
bxc6 28. Be7 f5 29. Re6 Rg8 30. Bf6 1-0

[Event "M.Botvinnik Memorial 2012"]
[Site "St. Petersburg, Russia"]
[Date "2012.08.27"]
[Round "3.21"]
[White "Khalifman, Alexander"]
[Black "Lavrov, Maxim"]
[Result "0-1"]
[WhiteElo "2621"]
[BlackElo "2372"]
[PlyCount "100"]
[EventDate "2012.08.25"]

1. d4 Nf6 2. c4 g6 3. Nf3 Bg7 4. g3 O-O 5. Bg2 d6 6. O-O c6 7. Nc3 Qa5 8. e4 e5
9. h3 Nbd7 10. Be3 exd4 11. Nxd4 Ne5 12. Qe2 Re8 13. Rfd1 Be6 14. Nxe6 Rxe6 15.
c5 dxc5 16. f4 Ned7 17. e5 Nxe5 18. fxe5 Rxe5 19. Qd2 Rae8 20. Bf2 h5 21. Ne4
Qb6 22. Nd6 Rd8 23. Qc2 Qc7 24. Nc4 Ree8 25. Rxd8 Rxd8 26. Rd1 Nd5 27. Ne3 Nxe3
28. Rxd8+ Qxd8 29. Bxe3 Qd6 30. Bxc5 Qxg3 31. Bxa7 Qe1+ 32. Bf1 Qa5 33. Bf2
Qxa2 34. Qe4 Kh7 35. b4 Qd2 36. h4 Qd7 37. Kg2 Kg8 38. Bc4 Kh7 39. Qf4 Kg8 40.
Bc5 Bc3 41. Kf2 Kg7 42. Be3 Kg8 43. Bc5 Kg7 44. Ke2 Kg8 45. Bb3 Kg7 46. Be3 Kg8
47. Qb8+ Kg7 48. Bc5 Qd2+ 49. Kf3 Qd3+ 50. Kg2 Qe4+ 0-1

[Event "M.Botvinnik Memorial 2012"]
[Site "St. Petersburg, Russia"]
[Date "2012.08.27"]
[Round "3.22"]
[White "Smirnov, Alexey"]
[Black "Hovhannisyan, Robert"]
[Result "0-1"]
[WhiteElo "2416"]
[BlackElo "2612"]
[PlyCount "38"]
[EventDate "2012.08.25"]

1. d4 d5 2. c4 c6 3. Nf3 Nf6 4. Nc3 e6 5. e3 Nbd7 6. Bd3 dxc4 7. Bxc4 b5 8. Bd3
Bd6 9. a3 O-O 10. O-O Bb7 11. e4 e5 12. Bg5 exd4 13. Nxd4 Qc7 14. Rc1 Bxh2+ 15.
Kh1 Bf4 16. Ncxb5 Qb8 17. Nxc6 Bxc6 18. Bxf4 Qxf4 19. Rxc6 Qh4+ 0-1

[Event "M.Botvinnik Memorial 2012"]
[Site "St. Petersburg, Russia"]
[Date "2012.08.27"]
[Round "3.23"]
[White "Demchenko, Anton"]
[Black "Baghdasaryan, Vahe"]
[Result "1-0"]
[WhiteElo "2603"]
[BlackElo "2368"]
[PlyCount "75"]
[EventDate "2012.08.25"]

1. e4 c5 2. Nf3 d6 3. d4 cxd4 4. Nxd4 Nf6 5. Nc3 Nc6 6. Bg5 Bd7 7. Nb3 h6 8.
Bxf6 gxf6 9. Qh5 Rc8 10. Be2 Nb4 11. O-O Nxc2 12. Rad1 Rg8 13. Qh4 a5 14. Rd2
Na3 15. Nd5 Nc4 16. Rc2 Ne5 17. Rxc8 Bxc8 18. Nd4 Bg7 19. Nf5 Bf8 20. Rc1 Nc6
21. Bb5 Rg6 22. Nd4 Bd7 23. Nxc6 bxc6 24. Bxc6 e6 25. Bxd7+ Kxd7 26. Rc7+ Qxc7
27. Nxc7 Kxc7 28. Qh5 Kb8 29. a4 f5 30. Qe2 fxe4 31. Qb5+ Kc7 32. Qe8 Rf6 33.
Qxf8 Rf5 34. Qxh6 d5 35. Qd2 Kc6 36. h4 e5 37. Qxa5 d4 38. Qa8+ 1-0

[Event "M.Botvinnik Memorial 2012"]
[Site "St. Petersburg, Russia"]
[Date "2012.08.27"]
[Round "3.24"]
[White "Ulanov, Alexandr"]
[Black "Andriasian, Zaven"]
[Result "0-1"]
[WhiteElo "2398"]
[BlackElo "2600"]
[PlyCount "56"]
[EventDate "2012.08.25"]

1. d4 Nf6 2. Nf3 g6 3. Nbd2 d5 4. e3 Bg7 5. b4 O-O 6. c4 c6 7. a4 Bf5 8. Bb2
Nbd7 9. Be2 Ne4 10. O-O h5 11. Nh4 e6 12. Nxf5 exf5 13. b5 Ndf6 14. Nf3 Re8 15.
Rc1 Bh6 16. Ne5 Ng4 17. Nxg4 hxg4 18. cxd5 cxd5 19. Qc2 Qh4 20. Bd3 Kg7 21.
Rfe1 Bg5 22. f4 gxf3 23. gxf3 Nf6 24. Qd2 Qh3 25. Qf2 Rxe3 26. Bf1 Qh6 27. Rc7
Bf4 28. Rcc1 Rxf3 0-1

[Event "M.Botvinnik Memorial 2012"]
[Site "St. Petersburg, Russia"]
[Date "2012.08.27"]
[Round "3.25"]
[White "Ponkratov, Pavel"]
[Black "Bogachkov, Igor"]
[Result "1-0"]
[WhiteElo "2598"]
[BlackElo "2356"]
[PlyCount "97"]
[EventDate "2012.08.25"]

1. e4 c5 2. Nf3 Nc6 3. d4 cxd4 4. Nxd4 Nf6 5. Nc3 e5 6. Ndb5 d6 7. Bg5 a6 8.
Na3 b5 9. Nd5 Be7 10. Bxf6 Bxf6 11. c3 Bg5 12. Nc2 Ne7 13. Ncb4 O-O 14. a4 bxa4
15. Qxa4 a5 16. Nxe7+ Qxe7 17. Nd5 Qb7 18. Qc2 Rb8 19. Rb1 Be6 20. Bc4 Rfc8 21.
Ba2 Qb5 22. h4 Bd8 23. f3 Qc5 24. Kf1 a4 25. Qxa4 Bb6 26. Qc2 Qb5+ 27. Qe2 Qa4
28. Ne7+ Kf8 29. Bxe6 Rc5 30. Bd5 Kxe7 31. g3 Qb5 32. Qxb5 Rxb5 33. Ke2 Ra5 34.
Rhf1 Bc7 35. Kd3 Rb6 36. f4 exf4 37. Rxf4 f6 38. g4 Kd7 39. g5 Bd8 40. h5 Be7
41. h6 gxh6 42. gxf6 Bf8 43. Rg4 Rbb5 44. Rg8 Rxd5+ 45. exd5 Rxd5+ 46. Kc2 Ke8
47. Ra1 Kf7 48. Rh8 Rf5 49. Ra7+ 1-0

[Event "M.Botvinnik Memorial 2012"]
[Site "St. Petersburg, Russia"]
[Date "2012.08.27"]
[Round "3.26"]
[White "Romanov, Evgeny"]
[Black "Usmanov, Vasily"]
[Result "1-0"]
[WhiteElo "2595"]
[BlackElo "2333"]
[PlyCount "95"]
[EventDate "2012.08.25"]

1. d4 d5 2. c4 e6 3. Nc3 Be7 4. cxd5 exd5 5. Bf4 c6 6. Qc2 Bd6 7. Bxd6 Qxd6 8.
e3 Ne7 9. Bd3 g6 10. f3 Nd7 11. Nge2 c5 12. Qd2 a6 13. dxc5 Qxc5 14. Rc1 Ne5
15. O-O O-O 16. Nd4 N7c6 17. Be2 Rd8 18. Rfd1 Qe7 19. Nxc6 bxc6 20. Na4 Bb7 21.
Qd4 Nd7 22. Rc3 Nf8 23. Nc5 Ne6 24. Nxe6 Qxe6 25. b4 a5 26. bxa5 Ba6 27. Bxa6
Rxa6 28. Rc5 Rda8 29. Qc3 Re8 30. Kf2 Qd6 31. h3 h5 32. Rb1 Rea8 33. Kg1 h4 34.
a4 Qd8 35. Rb7 Rxa5 36. Rxc6 Qg5 37. Rxf7 Kxf7 38. Rc7+ Qe7 39. Rxe7+ Kxe7 40.
Qg7+ Kd6 41. Qf6+ Kc5 42. Qe7+ Kc4 43. Qxh4+ Kd3 44. Qd4+ Ke2 45. e4 dxe4 46.
Qxe4+ Kd1 47. Qxg6 Rxa4 48. h4 1-0

[Event "M.Botvinnik Memorial 2012"]
[Site "St. Petersburg, Russia"]
[Date "2012.08.27"]
[Round "3.27"]
[White "Grigoryan, Avetik"]
[Black "Zenzera, Alexey"]
[Result "1/2-1/2"]
[WhiteElo "2579"]
[BlackElo "2331"]
[PlyCount "128"]
[EventDate "2012.08.25"]

1. c4 Nf6 2. Nc3 c5 3. g3 e6 4. Bg2 d5 5. Nf3 d4 6. Na4 Nc6 7. d3 h6 8. O-O Bd6
9. e4 O-O 10. e5 Nxe5 11. Nxe5 Bxe5 12. Nxc5 Rb8 13. Bd2 Bd6 14. Ne4 Nxe4 15.
Bxe4 Qe7 16. a3 b5 17. cxb5 Rxb5 18. b4 Rb6 19. Rc1 Ba6 20. Qb3 f5 21. Bc6 Kh7
22. Rfe1 e5 23. f4 Rxc6 24. Rxc6 Bb7 25. Qd5 Rd8 26. fxe5 Bxb4 27. Rxh6+ gxh6
28. Bxb4 Rxd5 29. Bxe7 Ba6 30. e6 Bxd3 31. Bb4 Bb5 32. e7 Be8 33. Rc1 Kg7 34.
Rc8 Kf7 35. Rd8 Rd7 36. Kf2 a5 37. Bd6 Ke6 38. Bc5 Rc7 39. Bxd4 Kxe7 40. Rd5
Rc2+ 41. Ke3 Rxh2 42. Re5+ Kd7 43. Rxa5 h5 44. Bf6 Kc6 45. Ra6+ Kd5 46. a4 Ra2
47. a5 Ra3+ 48. Kf4 Ra4+ 49. Kxf5 Bd7+ 50. Kg6 Rg4+ 51. Kxh5 Rxg3 52. Ra8 Ra3
53. Kg6 Bc6 54. Ra7 Kc4 55. Bd8 Rd3 56. Bb6 Rd7 57. Bc7 Kb5 58. Kf6 Bb7 59.
Rxb7+ Kc6 60. Rb2 Kxc7 61. Ke5 Rd1 62. Rb5 Kc6 63. Rb6+ Kc7 64. Rh6 Kb7 1/2-1/2

[Event "M.Botvinnik Memorial 2012"]
[Site "St. Petersburg, Russia"]
[Date "2012.08.27"]
[Round "3.28"]
[White "Epishin, Vladimir"]
[Black "Sichinava, Zviad"]
[Result "1-0"]
[WhiteElo "2576"]
[BlackElo "2322"]
[PlyCount "143"]
[EventDate "2012.08.25"]

1. d4 Nf6 2. Nf3 g6 3. c3 Bg7 4. Bg5 d5 5. Nbd2 O-O 6. e3 c6 7. Be2 Nbd7 8. Bh4
Qe8 9. O-O e5 10. Rc1 Ne4 11. Nxe4 dxe4 12. Nd2 exd4 13. cxd4 Nb6 14. Nc4 Nxc4
15. Bxc4 Be6 16. Qb3 Bxc4 17. Rxc4 Qd7 18. a4 Rac8 19. Rfc1 Rfe8 20. h3 Bf8 21.
Bg3 a5 22. d5 cxd5 23. Rxc8 Rxc8 24. Rxc8 Qxc8 25. Qxd5 Qc1+ 26. Kh2 Qxb2 27.
Qxa5 Qb4 28. Qd8 h5 29. a5 Kh7 30. Qd5 Qe7 31. Bf4 Bg7 32. g3 Bc3 33. Kg2 Qe6
34. Qc5 Bf6 35. Qb5 Bc3 36. Qc5 Bf6 37. h4 Kg7 38. Qb5 Qg4 39. Qd5 Qf3+ 40. Kg1
Bc3 41. Be5+ Bxe5 42. Qxe5+ Qf6 43. Qxe4 Qa1+ 44. Kg2 Qxa5 45. Qxb7 Qf5 46. e4
Qe5 47. Qd5 Qb2 48. Qd6 Qc3 49. e5 Qb3 50. Qf6+ Kg8 51. Qf3 Qe6 52. Qe4 Qb3 53.
Qd4 Qb7+ 54. Kf1 Qb1+ 55. Ke2 Qc2+ 56. Ke3 Qc1+ 57. Kf3 Qc6+ 58. Kf4 Qc1+ 59.
Ke4 Qc6+ 60. Kd3 Qa6+ 61. Qc4 Qb6 62. Qd4 Qa6+ 63. Ke3 Qa3+ 64. Ke4 Qa8+ 65.
Kf4 Qc8 66. f3 Qc1+ 67. Qe3 Qc4+ 68. Kg5 Qd5 69. Kh6 Qd8 70. Qc5 Qd2+ 71. f4
Qd8 72. e6 1-0

[Event "M.Botvinnik Memorial 2012"]
[Site "St. Petersburg, Russia"]
[Date "2012.08.27"]
[Round "3.29"]
[White "Yevseev, Denis"]
[Black "Serrano Salvador, Eduardo"]
[Result "1-0"]
[WhiteElo "2535"]
[BlackElo "2319"]
[PlyCount "91"]
[EventDate "2012.08.25"]

1. d4 Nf6 2. c4 e6 3. g3 d5 4. Bg2 Be7 5. Nf3 O-O 6. O-O dxc4 7. Qc2 b5 8. a4
b4 9. Nfd2 Nd5 10. Nxc4 Nc6 11. e3 Ba6 12. Nbd2 Rc8 13. Rd1 b3 14. Qxb3 Rb8 15.
Qc2 Ncb4 16. Qe4 Qc8 17. Bf1 Bb7 18. Qb1 c5 19. dxc5 Qxc5 20. Nb3 Qc8 21. Nba5
Ba8 22. Bd2 Nb6 23. Qc1 Bf3 24. Bxb4 Bxb4 25. Rd4 Nd5 26. Nb3 Be7 27. Nbd2 Bh5
28. Ne4 Qc7 29. Qd2 Bg6 30. Rc1 Rfc8 31. Nc3 Nxc3 32. Rd7 Qc5 33. bxc3 Bf6 34.
Qd6 Qxd6 35. Nxd6 Rc6 36. Bb5 Rxc3 37. Rxc3 Bxc3 38. Rxa7 Bb4 39. Rd7 h5 40. h4
Bxd6 41. Rxd6 Be4 42. Kf1 Rc8 43. Ke1 Rc3 44. Rd4 Bf3 45. Rd3 Rc2 46. Rd8+ 1-0

[Event "M.Botvinnik Memorial 2012"]
[Site "St. Petersburg, Russia"]
[Date "2012.08.27"]
[Round "3.30"]
[White "Serov, Maksim"]
[Black "Dvoirys, Semen I"]
[Result "0-1"]
[WhiteElo "2370"]
[BlackElo "2533"]
[PlyCount "60"]
[EventDate "2012.08.25"]

1. d4 Nf6 2. c4 g6 3. Nc3 d5 4. Bf4 Bg7 5. Nf3 O-O 6. e3 c5 7. dxc5 Qa5 8. Rc1
dxc4 9. Bxc4 Nbd7 10. O-O Nxc5 11. Qe2 Be6 12. a3 Bxc4 13. Qxc4 Ne6 14. Be5
Rac8 15. Qb4 Qxb4 16. axb4 Rfd8 17. Ra1 a6 18. b5 axb5 19. Nxb5 Ne4 20. Bxg7
Kxg7 21. Nbd4 N6c5 22. Ra5 Nd3 23. Rb5 Rc7 24. h3 Rdc8 25. Rb3 Nec5 26. Rb5 Na4
27. b3 Nc3 28. Rb6 Rd7 29. Ne1 Nf4 30. Nef3 Nfd5 0-1

[Event "M.Botvinnik Memorial 2012"]
[Site "St. Petersburg, Russia"]
[Date "2012.08.27"]
[Round "3.31"]
[White "Yakovich, Yuri"]
[Black "Duzhakov, Ilya"]
[Result "1-0"]
[WhiteElo "2525"]
[BlackElo "2313"]
[PlyCount "53"]
[EventDate "2012.08.25"]

1. c4 g6 2. e4 c5 3. Nf3 Bg7 4. d4 Qa5+ 5. Nc3 Nc6 6. d5 Nd4 7. Bd2 d6 8. Nxd4
cxd4 9. Nb5 Qb6 10. c5 Qd8 11. cxd6 exd6 12. Qa4 Kf8 13. Nxd6 Ne7 14. Nxc8 Nxc8
15. Bd3 Kg8 16. O-O h5 17. Rac1 Kh7 18. Bf4 Qf6 19. Bc7 Nb6 20. Qb5 Rhc8 21. f4
Qe7 22. d6 Qe6 23. e5 Nd5 24. Bc4 Nxc7 25. Bxe6 Nxb5 26. Rxc8 Rxc8 27. Bxc8 1-0

[Event "M.Botvinnik Memorial 2012"]
[Site "St. Petersburg, Russia"]
[Date "2012.08.27"]
[Round "3.32"]
[White "Ganichev, Alexander"]
[Black "Goganov, Aleksey"]
[Result "0-1"]
[WhiteElo "2227"]
[BlackElo "2525"]
[PlyCount "92"]
[EventDate "2012.08.25"]

1. e4 e5 2. Nf3 Nc6 3. Bb5 Nf6 4. Qe2 Bd6 5. c3 O-O 6. O-O Re8 7. d3 Bf8 8. c4
d6 9. h3 Bd7 10. Bg5 h6 11. Be3 g6 12. Nc3 Bg7 13. Qd2 Kh7 14. Nh2 a6 15. Ba4
Ne7 16. Bc2 b5 17. f4 bxc4 18. fxe5 dxe5 19. dxc4 Rb8 20. b3 Nc6 21. Nd5 Be6
22. Bxh6 Bxh6 23. Nxf6+ Qxf6 24. Qxh6+ Kxh6 25. Rxf6 Nd4 26. Rf2 Red8 27. Nf3
Nxf3+ 28. Rxf3 c5 29. Rd3 Rd4 30. Rxd4 exd4 31. Kf1 Kg5 32. Bd3 a5 33. Rb1 Kf4
34. Kf2 Bd7 35. Bc2 Bc6 36. g3+ Ke5 37. Re1 Rh8 38. h4 g5 39. Ke2 gxh4 40. gxh4
Rxh4 41. Rf1 Rh2+ 42. Kd1 Bxe4 43. Bxe4 Kxe4 44. Rxf7 d3 45. Rd7 Ke3 46. Re7+
Kd4 0-1

[Event "M.Botvinnik Memorial 2012"]
[Site "St. Petersburg, Russia"]
[Date "2012.08.27"]
[Round "3.33"]
[White "Levin, Evgeny A"]
[Black "Vunder, Andrey"]
[Result "1-0"]
[WhiteElo "2512"]
[BlackElo "2248"]
[PlyCount "101"]
[EventDate "2012.08.25"]

1. d4 d5 2. c4 e6 3. Nc3 c5 4. cxd5 exd5 5. Nf3 Nc6 6. g3 Nf6 7. Bg2 Be7 8. O-O
O-O 9. dxc5 Bxc5 10. a3 a5 11. Bf4 Be6 12. Rc1 Rc8 13. e3 h6 14. Ne5 Qe7 15.
Nxc6 bxc6 16. Be5 Ba7 17. Na4 Qb7 18. Qd2 Qb3 19. Bxf6 Qxa4 20. Be7 Rfe8 21.
Bc5 Bb8 22. Qc3 Bf5 23. Bd4 f6 24. Qd2 Bd6 25. Bc3 Bc7 26. Rfd1 Be4 27. Bd4
Bxg2 28. Kxg2 Bd6 29. Qd3 Bf8 30. Qf5 Qb3 31. Rd3 Qb7 32. Kg1 a4 33. Rd2 Qf7
34. Rdc2 Re6 35. h4 g6 36. Qd3 Qe8 37. Rc3 f5 38. Qc2 f4 39. exf4 Re2 40. Qd1
Bg7 41. Bxg7 Kxg7 42. Qxa4 Re4 43. Qa7+ Kg8 44. Qa6 d4 45. Qc4+ Kh7 46. Rd3 Qd7
47. b4 Rce8 48. Qxc6 Qh3 49. Rf1 Re1 50. Qg2 Qf5 51. Rxd4 1-0

[Event "M.Botvinnik Memorial 2012"]
[Site "St. Petersburg, Russia"]
[Date "2012.08.27"]
[Round "3.34"]
[White "Fedoseev, Vladimir"]
[Black "Palachev, Petr"]
[Result "1-0"]
[WhiteElo "2498"]
[BlackElo "2290"]
[PlyCount "67"]
[EventDate "2012.08.25"]

1. d4 d5 2. c4 c6 3. Nc3 Nf6 4. e3 e6 5. Nf3 a6 6. c5 b6 7. cxb6 Qxb6 8. Bd3
Nbd7 9. O-O c5 10. Na4 Qb8 11. b3 cxd4 12. exd4 Bd6 13. Bb2 Bb7 14. Rc1 O-O 15.
Nc5 a5 16. Bb5 Nxc5 17. dxc5 Bf4 18. Bxf6 gxf6 19. Rc3 Kh8 20. a4 Rg8 21. c6
Bc8 22. Qc2 Ra7 23. Rd1 Re7 24. Kh1 h6 25. Nd4 Kg7 26. Rh3 e5 27. Nf5+ Bxf5 28.
Qxf5 d4 29. Rf3 h5 30. g3 Bg5 31. h4 Bf4 32. gxf4 e4 33. Rg3+ Kf8 34. Rxg8+ 1-0

[Event "M.Botvinnik Memorial 2012"]
[Site "St. Petersburg, Russia"]
[Date "2012.08.27"]
[Round "3.35"]
[White "Puraev, Artemiy"]
[Black "Predke, Alexandr"]
[Result "0-1"]
[WhiteElo "2183"]
[BlackElo "2483"]
[PlyCount "78"]
[EventDate "2012.08.25"]

1. Nf3 d5 2. c4 e6 3. g3 dxc4 4. Bg2 a6 5. a4 Nc6 6. Na3 Qd5 7. O-O Nf6 8. Qc2
Na5 9. Rd1 Bd7 10. d3 Nb3 11. Rb1 Bxa4 12. Nxc4 Qb5 13. Rf1 Bb4 14. Be3 Nd5 15.
Na3 Nxe3 16. fxe3 Qc5 17. Nc4 b5 18. Nfe5 O-O-O 19. d4 Nxd4 20. Qe4 Nxe2+ 21.
Kh1 Rd5 22. Nxf7 Re8 23. Ra1 Qxc4 24. Qxc4 bxc4 25. Bxd5 exd5 26. Rxa4 a5 27.
Rf5 Rxe3 28. Rxd5 c3 29. bxc3 Nxc3 30. Rd8+ Kb7 31. Ra1 Re2 32. Ng5 a4 33. Nf3
a3 34. Rd2 Re3 35. Kg2 Nb5 36. Rc2 Rxf3 37. Rb1 Rc3 38. Rxc3 Bxc3 39. Rxb5+ Kc8
0-1

[Event "M.Botvinnik Memorial 2012"]
[Site "St. Petersburg, Russia"]
[Date "2012.08.27"]
[Round "3.36"]
[White "Kharchenko, Boris"]
[Black "Papadakis, Michalis"]
[Result "1-0"]
[WhiteElo "2476"]
[BlackElo "2235"]
[PlyCount "75"]
[EventDate "2012.08.25"]

1. e4 c5 2. c3 d5 3. exd5 Qxd5 4. d4 Nf6 5. Nf3 e6 6. Be3 cxd4 7. cxd4 Bd7 8.
Nc3 Qa5 9. a3 Bc6 10. Bd3 Bd6 11. b4 Qc7 12. Rc1 a6 13. O-O O-O 14. d5 Nxd5 15.
Nxd5 exd5 16. Qc2 h6 17. Qd2 f5 18. Rfe1 f4 19. Bd4 Nd7 20. Qc2 Rae8 21. Bh7+
Kh8 22. Nh4 Ne5 23. Bxe5 Bxe5 24. Ng6+ Kxh7 25. Nxf8+ Kg8 26. Ng6 Qb8 27. Qf5
Bd6 28. Re6 Rxe6 29. Qxe6+ Kh7 30. Qf5 Kg8 31. Re1 Qc7 32. Qe6+ Kh7 33. Qf5 Kg8
34. h4 Qf7 35. Qc8+ Kh7 36. h5 Qg8 37. Qf5 Qb8 38. Nxf4+ 1-0